000 00529cam a2200181 4500500
005 20260405002457.0
041 _afre
042 _adc
100 1 0 _aOrtoli, Sven
_eauthor
245 0 0 _aEsclave du mètre carré ?
260 _c2017.
500 _a8
690 _aEspace
690 _aHabitation
690 _aMichel Serres
786 0 _nPhilosophie magazine | 110 | 6 | 2017-06-01 | p. 9-9 | 1951-1787
856 4 1 _uhttps://shs.cairn.info/magazine-philosophie-magazine-2017-6-page-9?lang=fr&redirect-ssocas=7080
999 _c2058048
_d2058048